Labour Law (Record no. 4628)

MARC details
000 -LEADER
fixed length control field 00289nam a2200133Ia 4500
008 - FIXED-LENGTH DATA ELEMENTS--GENERAL INFORMATION
fixed length control field 191201s2010 xx 000 0 und d
082 ## - DEWEY DECIMAL CLASSIFICATION NUMBER
Classification number 344.01
Item number TAL
100 ## - MAIN ENTRY--PERSONAL NAME
Personal name TAXMANNS
245 #0 - TITLE STATEMENT
Title Labour Law
260 ## - PUBLICATION, DISTRIBUTION, ETC. (IMPRINT)
Place of publication, distribution, etc N. Delhi
Name of publisher, distributor, etc Texman
Date of publication, distribution, etc 2010
300 ## - PHYSICAL DESCRIPTION
Extent 630
650 ## - SUBJECT ADDED ENTRY--TOPICAL TERM
Topical term or geographic name as entry element MBA
942 ## - ADDED ENTRY ELEMENTS (KOHA)
Source of classification or shelving scheme Dewey Decimal Classification
Koha item type Text Books
Holdings
Withdrawn status Lost status Source of classification or shelving scheme Damaged status Not for loan Collection code Home library Current library Shelving location Date acquired Source of acquisition Cost, normal purchase price Bill Number Total Checkouts Full call number Acc. no. / Barcode Date last seen Bill Date Koha item type Public note Date last borrowed
    Dewey Decimal Classification     GENERAL PIET C-LIBRARY PIET C-LIBRARY Ref. Sec. R02 11/08/2010 The book company 350.00 IN-2687   344.01 TAL 16203 04/12/2019 07/08/2010 Reference Books History and Culture  
    Dewey Decimal Classification     MBA PIET C-LIBRARY PIET C-LIBRARY Ref. Sec. R02 11/08/2010 The book company 350.00 IN-2687   344.01 TAL 16204 04/12/2019 07/08/2010 Reference Books    
    Dewey Decimal Classification     MBA PIET C-LIBRARY PIET C-LIBRARY Ref. Sec. R02 11/08/2010 The book company 350.00 IN-2687   344.01 TAL 16205 04/12/2019 07/08/2010 Reference Books    
    Dewey Decimal Classification     MBA PIET C-LIBRARY PIET C-LIBRARY Ref. Sec. R02 11/08/2010 The book company 350.00 IN-2687 2 344.01 TAL 16206 14/10/2022 07/08/2010 Text Books . 12/10/2022
    Dewey Decimal Classification     MBA PIET C-LIBRARY PIET C-LIBRARY Ref. Sec. R02 11/08/2010 The book company 350.00 IN-2687   344.01 TAL 16207 04/12/2019 07/08/2010 Reference Books    
    Dewey Decimal Classification     MBA PIET C-LIBRARY PIET C-LIBRARY Ref. Sec. R02 11/08/2010 The book company 350.00 IN-2687   344.01 TAL 16208 04/12/2019 07/08/2010 Reference Books    

Design & Developed by: PIET Central Library
R70 Miles Stone Pattikalyana Samalkha Panipat 132102
mail ID :- [email protected], Phone No:- 0180-2569700 Ex.216